Statistiques concernant Pays de la CEE en 1986

Cliquez ici pour prendre le quiz!

Statistiques générales

  • Ce quiz a été pris 63 fois
    (33 depuis la dernière actualisation)
  • Le résultat moyen est 10 sur 12

Statistiques - réponses

Années d'entrée
dans la CEE
Pays% Correct
1957France
100%
1986Espagne
97%
1957Italie
97%
1957Pays-bas
97%
1957Belgique
94%
1957Luxembourg
94%
1957Allemagne
91%
1986Portugal
91%
1973Danemark
75%
1981Grèce
72%
1973Irlande
72%
1973Royaume-Uni
0%

Distribution des résultats

Percentile par nombre de réponses

% des personnes avec chaque résultat

Votre développement - résultats

Vous n’avez pas pris ce quiz depuis la dernière actualisation